000 00614 a2200181 4500
999 _c8502
_d8502
010 _aENG-88487
020 _a9788120330726
_c175.00
035 _aEN-72020
037 _bDBAD / PUB
082 1 4 _a488.34
100 1 _aApte, Madhavi
245 1 _aA course in english communication:
_cby Madhavi Apte
_bfor the learners of english as a second language/
260 _aNew Delhi
_bPrentice-Hall of India
_c2007
270 _aM-97, Connaught Circus,
_bNew Delhi
_e110 001
300 _aviii, 204p.
_c23cm (pbk)
500 _aIncludes bibliographical references
942 _adpl
_cEN
_2ddc
_h488.34
_mAPT